Land measurement for planning and development purposes (Record no. 121297)

MARC details
000 -LEADER
fixed length control field 02058nam a22002777a 4500
001 - CONTROL NUMBER
control field 121297
008 - FIXED-LENGTH DATA ELEMENTS--GENERAL INFORMATION
fixed length control field 230104s2021 xxk|||||o|||| 00| 0 eng d
020 ## - INTERNATIONAL STANDARD BOOK NUMBER
ISBN 9781783214235
041 ## - LANGUAGE CODE
Language code of text/sound track or separate title eng
100 ## - MAIN ENTRY--PERSONAL NAME
Personal author Manns, Jonathan
110 ## - MAIN ENTRY--CORPORATE NAME
Corporate author Royal Institution of Chartered Surveyors
245 ## - TITLE STATEMENT
Title Land measurement for planning and development purposes
Medium [Electronic resource]
260 ## - PUBLICATION INFORMATION
Place of publication London,
Publisher Royal Institution of Chartered Surveyors,
Date May 2021
300 ## - PHYSICAL DESCRIPTION
Physical description 42p.
490 ## - SERIES TITLE
Series statement RICS guidance note
520 ## - ABSTRACT
Abstract Effective from 24 August 2021.
520 ## - ABSTRACT
Abstract This guidance note defines three distinct areas: the land ownership area, referring to the legal land ownership area; the site area, identified for planning application purposes; and the net development area, identifying the part of the site that will be occupied by buildings. Advice on the calculation of development density is also provided. It provides global best practice, but practitioners will need to be aware of any local jurisdictional requirements that may have superior authority. The publication of this guidance note remedies a historical lack of clarity and consistency in the way that land is measured and described for development purposes. It should be read in a cross-disciplinary context. The intention is that it will be applied across all built environment professions (including surveying, planning, architecture, engineering and related disciplines).
520 ## - ABSTRACT
Abstract Identifies five principal measurements: Land ownership area (LOA); Site area (SA); Net development area (NDA); Plot ration (PR) and Site coverage (SC).
651 ## - SUBJECT ADDED ENTRY--GEOGRAPHIC NAME
Geographic name International
690 ## - BROAD SUBJECT
9 (RLIN) 6251
Broad subject Land use
690 ## - BROAD SUBJECT
9 (RLIN) 6259
Broad subject Planning and development
690 ## - BROAD SUBJECT
9 (RLIN) 6256
Broad subject Measurement
710 ## - ADDED CORPORATE NAME
Added corporate author Royal Institution of Chartered Surveyors
856 ## - ONLINE RESOURCE
Uniform Resource Identifier <a href="https://www.rics.org/profession-standards/rics-standards-and-guidance/sector-standards/land-standards/land-measurement-for-planning-and-development-purposes-global-guidance-note-1st-edition">https://www.rics.org/profession-standards/rics-standards-and-guidance/sector-standards/land-standards/land-measurement-for-planning-and-development-purposes-global-guidance-note-1st-edition</a>
Public note Available free on RICS.org
942 ## - ADDED ENTRY ELEMENTS (KOHA)
Suppress in OPAC Do not suppress in OPAC
Holdings
Lost status Source of classification or shelving scheme Damaged status Not for loan Current library Shelving location Date acquired Total Checkouts Date last seen Price effective from Koha item type
  Dewey Decimal Classification     Virtual Online 04/01/2023   23/03/2023 04/01/2023 Online material